[Event "Hokkaido Chess Championship 2024"]
[Site "?"]
[Date "2024.03.23"]
[Round "1.1"]
[White "Yamaguchi, Tosei"]
[Black "Takeuchi, Hiroshi"]
[Result "1-0"]
[WhiteElo "1940"]
[BlackElo "1388"]
[Annotator "Fritz 11 SE (30s)"]
[PlyCount "85"]
[EventDate "2024.03.23"]

{E71: King's Indian: 4 e4 d6 5 h3} 1. d4 Nf6 2. c4 d6 3. Nc3 g6 4.
e4 Bg7 5. h3 O-O 6. Be3 e5 7. d5 Nbd7 8. g4 (8. Bd3 Nh5 (8... Nc5 9. Bc2 a5 10.
Nge2 Nh5 11. Qd2 f5 12. exf5 Bxf5 13. Bxf5 gxf5 14. O-O-O a4 15. g4 Nf4 16.
Nxf4 exf4 17. Bd4 fxg4 18. Bxg7 Kxg7 19. hxg4 Qf6 20. Rh5 Qg6 21. f3 Rae8 22.
Rdh1 Re3 23. Qh2 {Lovkov,R (2424)-Ljubarov,M (2158) St Petersburg 2012 1-0 (46)
}) 9. Nge2 Nc5 10. Bc2 f5 11. exf5 gxf5 12. b4 Na6 13. Rb1 Qh4 14. g3 Qe7 15.
Qd3 Bd7 16. g4 Nf4 17. Bxf4 exf4 18. Kf1 Qh4 19. Qf3 Rae8 20. gxf5 Bxf5 21.
Bxf5 Rxf5 22. Nb5 Qh5 {Rivas Pastor,M (2505)-Polgar,Z (2510) Salamanca 1989 1/
2-1/2 (46)}) 8... b6 $146 {Controls c5} (8... Nc5 9. Qc2 (9. Bg2 a5 10. Nge2 c6
11. Ng3 cxd5 12. Nxd5 Nxd5 13. cxd5 b6 14. Bf3 Ba6 15. Be2 Bxe2 16. Qxe2 Qd7
17. O-O Rfc8 18. Rac1 Rc7 19. Rc2 Rac8 20. Rfc1 b5 21. Kg2 Bf6 22. Qd2 b4 23.
Bg5 Qe7 {Neyman,I (2217)-Boehlig,H (2236) Germany 2003 1/2-1/2 (68)}) 9... c6
10. Nge2 cxd5 11. cxd5 Qa5 12. Ng3 Bd7 13. Bd2 Rfc8 14. Rb1 Qd8 15. Qd1 a5 16.
Qf3 Rab8 17. g5 Ne8 18. h4 f6 19. Be2 Nc7 20. Kf1 Qe7 21. gxf6 Qxf6 22. Qxf6
Bxf6 23. h5 {Bronstein,D-Gligoric,S Zuerich 1953 1-0 (57)}) (8... Nc5 $5 {
should not be overlooked} 9. Qc2 a5 $11) 9. Nge2 $14 a5 10. Ng3 Ne8 (10... Nc5
11. g5 Nfd7 12. Qc2 $14) 11. Qd2 Nc5 12. Be2 {Black has a cramped position} Bd7
{[%cal Ya5a4] Black intends a4} 13. h4 f6 {Covers g5} (13... a4 $5 $16) 14.
O-O-O a4 15. f3 a3 16. b3 Rb8 (16... Rf7 17. Kb1 $16) 17. Rdg1 (17. Nb5 Ra8 $18
) 17... Ra8 18. Bd1 Rb8 (18... Qb8 19. h5 $16) 19. Bc2 (19. b4 Nb7 $18) 19...
b5 (19... Ra8 20. h5 $16) 20. cxb5 $18 Bxb5 21. Nxb5 Rxb5 22. g5 (22. h5 $142
$18) 22... f5 $4 {another bit of territory lost} (22... fxg5 23. hxg5 Qd7 24.
Bd1 $16) 23. Ne2 (23. exf5 $142 {secures victory} Qb8 24. f6 Nxb3+ 25. axb3
Rxb3 26. Kd1 (26. fxg7 $6 {is much worse} Rxf3 27. Bxb3 Qxb3 $16) 26... Bxf6
27. Bxb3 Qxb3+ 28. Ke2 $18) 23... f4 24. Bf2 Na6 $2 (24... Qc8 $142 $16) 25.
Bd3 $18 Qb8 26. Bxb5 Qxb5 27. Nc3 Qb4 28. Na4 Qb7 (28... Qb5 {doesn't improve
anything} 29. h5 $18) 29. Kb1 c6 (29... Rf7 {cannot change destiny} 30. h5 $18)
30. dxc6 Qxc6 31. Rc1 Qb7 32. Rhd1 Rf7 33. Qd5 Qb8 (33... Bf8 {is not much help
} 34. Qc6 Rd7 35. Nb6 Qxc6 36. Rxc6 $18) 34. Qc4 Nac7 35. Bb6 (35. Nb6 $142 {
and White can already relax} Qb7 $18) 35... Qc8 (35... Bf8 {cannot undo what
has already been done} 36. Rd3 $18) 36. Bxc7 Nxc7 (36... Qxc7 {there is
nothing else anyway} 37. Qxc7 Nxc7 38. Rxd6 Nb5 39. Rc8+ Rf8 40. Rxf8+ Bxf8 $18
) 37. Rxd6 Qh3 (37... Qe8 38. Rc6 Qd7 39. Rxc7 Qxc7 40. Qxc7 Rxc7 41. Rxc7 Bf8
42. Nc5 Bxc5 43. Rxc5 Kf8 44. Rc8+ Ke7 45. b4 Kd7 46. Rc1 Kd6 47. b5 h6 48. b6
Ke7 49. b7 Kd8 50. b8=Q+ Kd7 51. Qb7+ Ke6 52. Rc6#) 38. Qd3 (38. Nc5 Bf8 39.
Rf6 Ne6 40. Nxe6 Qg2 $18) 38... Ne6 (38... Bf8 {there is nothing better in the
position} 39. Rf6 Rd7 40. Qc4+ Kg7 $18) 39. Qd5 Nd4 (39... Nf8 {doesn't get
the cat off the tree} 40. b4 Qxf3 41. Rd8 $18) 40. Rd8+ (40. Nc5 Bf8 41. Rf6
Bg7 42. Qxf7+ Kh8 43. Qe8+ Bf8 44. Qxf8#) 40... Bf8 41. Qxe5 (41. Rxf8+ $142 {
and the rest is a matter of technique} Kxf8 42. Qxe5 Kg8 43. Qxd4 Qd7 44. Qxd7
Rxd7 45. Rc8+ Kf7 $18) 41... Nxf3 42. Qd5 Qg2 (42... Kg7 43. Nc5 Bxc5 44. Qxc5
Qe6 $18) 43. Rd7 (43. Rd7 Nd2+ 44. Qxd2 Qxe4+ 45. Qd3 Qxd3+ 46. Rxd3 $18) 1-0

[Event "Hokkaido Chess Championship 2024"]
[Site "?"]
[Date "2024.03.23"]
[Round "1.2"]
[White "Miyatani, Ryohei"]
[Black "Shinoda, Taro"]
[Result "0-1"]
[WhiteElo "1313"]
[BlackElo "1911"]
[Annotator "Fritz 11 SE (30s)"]
[PlyCount "58"]
[EventDate "2024.03.23"]

{B90: Sicilian Najdorf: Unusual White 6th moves, 6 Be3 Ng4 and 6 Be3 e5} 1. e4
c5 2. Nf3 d6 3. d4 cxd4 4. Nxd4 Nf6 5. Nc3 a6 6. Rg1 e5 7. Nb3 Be6 8. g4 d5 9.
exd5 Nxd5 10. Nxd5 Qxd5 11. Qxd5 Bxd5 12. Be3 Nc6 13. O-O-O Bf3 {Black
threatens to win material: Bf3xd1} (13... O-O-O 14. Be2 Be7 15. g5 Be6 16. Nc5
Nd4 17. Bxd4 Rxd4 18. Rxd4 exd4 19. Nd3 g6 20. h4 h6 21. Bg4 Bxg4 22. Rxg4 hxg5
23. hxg5 Rh5 24. Rxd4 Rxg5 25. Kd2 Rf5 26. a4 Kc7 27. b4 b6 28. Ke2 {Savchenko,
B (2652)-Brkic,A (2543) Rijeka 2010 1/2-1/2 (40)}) 14. Re1 $146 (14. Rd2 Rd8 (
14... Rc8 15. Rg3 (15. Bg2 Bxg2 16. Rxg2 Be7 17. f4 exf4 18. Bxf4 O-O 19. Rd7
b5 20. Re2 Rfe8 21. a3 h6 22. c3 Kh7 23. Kc2 Kg6 24. Bd6 Bf6 25. Rxe8 Rxe8 26.
Nc5 Re2+ 27. Kb1 Na5 28. Nd3 Kh7 29. Bf4 g5 {Belousov,D (2354)-Zuykov,A (2320)
Vladimir 2009 1/2-1/2 (50)}) 15... e4 16. g5 Rd8 17. Bf4 Be7 18. Rxd8+ Nxd8 19.
Nd2 Ne6 20. Be3 Bd6 21. Rg1 Bxh2 22. Nxf3 exf3 23. Rg4 Bd6 24. Re4 Kd7 25. Bh3
Rc8 26. b4 a5 27. a3 axb4 28. axb4 Re8 29. Bg4 {Nadj Hedjesi,B (2371)-Bulajic,
R (2321) Zlatibor 2007 1-0}) 15. Nc5 Rxd2 16. Kxd2 Nb4 17. Nd3 Nxd3 18. Bxd3
Bd6 19. h3 Ke7 20. Re1 f6 21. c3 g5 22. Bf5 h5 23. gxh5 Rxh5 24. Bg4 Bxg4 25.
hxg4 Rh4 26. Rg1 e4 27. b3 Ke6 28. Ke2 Rh2 {Kadric,D (2156)-Krstic,P (2309)
Senta 2009 1/2-1/2 (46)}) 14... O-O-O 15. Bb6 {White threatens to win material:
Bb6xd8} Rd7 16. Bd3 g6 {Secures f5} 17. Be4 Bxe4 18. Rxe4 Be7 19. Nd2 Bg5 20.
Be3 Bxe3 {Black forks: d2+f2} 21. Rxe3 Rd4 22. c3 {White threatens to win
material: c3xd4} Rf4 {A classical outpost} 23. f3 h5 24. h3 hxg4 25. hxg4 Rh3
26. Rge1 f6 27. Re4 Rxe4 28. Rxe4 Rg3 (28... Kd7 29. Re2 $15) 29. Kc2 Nd8 0-1

[Event "Hokkaido Chess Championship 2024"]
[Site "?"]
[Date "2024.03.23"]
[Round "1.3"]
[White "Sugimoto, Koichi"]
[Black "Ito, Katsuhide"]
[Result "1-0"]
[WhiteElo "1864"]
[BlackElo "1199"]
[Annotator "Fritz 11 SE (30s)"]
[PlyCount "71"]
[EventDate "2024.03.23"]

{D00: 1 d4 d5: Unusual lines} 1. d4 d5 2. Bf4 Nf6 3. Nc3 e6 4. e3
Bb4 5. Bd3 (5. Nge2 O-O 6. a3 Bd6 7. g3 b6 8. Bg2 Bb7 9. O-O c5 10. Re1 Be7 11.
h3 Nc6 12. g4 Rc8 13. Qd2 a6 14. dxc5 bxc5 15. Rad1 Qa5 16. Nc1 c4 17. N1e2
Rfd8 18. Nd4 Qb6 19. Qc1 Nd7 {Jobava,B (2727)-Caruana,F (2820) Wijk aan Zee
2015 0-1 (54)}) 5... O-O 6. Nge2 $146 (6. Nf3 b6 7. O-O Bb7 8. Nb5 Na6 9. a3
Be7 10. Ne5 c6 11. Nc3 Nc7 12. Qf3 Nce8 13. Qh3 c5 14. g4 c4 15. Be2 Nd6 16.
Qg2 Kh8 17. Bd1 Nfe4 18. Nxe4 dxe4 19. g5 f6 20. gxf6 gxf6 {Bergez,L (2339)
-Narciso Dublan,M (2517) Barcelona 2015 0-1 (62)}) 6... a6 {Prevents intrusion
on b5} 7. O-O c5 (7... Nc6 8. Ng3 $11) 8. dxc5 (8. a3 Bxc3 9. Nxc3 $14 (9. bxc3
$2 c4 $19)) 8... Nc6 $2 (8... Bxc5 $142 {and Black could well hope to play on}
9. Nd4 Bd6 10. Bxd6 Qxd6 $11) 9. Bd6 $16 Re8 10. a3 Ba5 11. b4 Bc7 12. Bxc7
Qxc7 13. e4 b6 14. cxb6 Qxb6 15. exd5 exd5 16. Nf4 Be6 17. Re1 Rad8 (17... Qc7
18. Qd2 $16) 18. Na4 Qa7 19. Nc5 Bg4 20. f3 Rxe1+ 21. Qxe1 Re8 (21... Bc8 22.
Rd1 $16) 22. Qf2 (22. Qh4 Be6 23. Bxa6 Bf5 $18) 22... Bc8 23. c3 Rd8 (23... Qb8
24. Ne2 $18) 24. Re1 $18 d4 $2 (24... h6 $18) 25. c4 (25. Qh4 $142 {might be
the shorter path} Kf8 26. Bxh7 dxc3 $18) 25... a5 (25... Qb8 26. Qh4 h6 27. Nd5
$18) 26. Ne4 (26. Qh4 {seems even better} Kf8 27. Nd5 Re8 28. Rxe8+ Kxe8 29.
Nxf6+ gxf6 30. Qe4+ Ne5 $18) 26... Nd7 (26... Nxe4 27. Bxe4 axb4 28. axb4 Ne7
29. Bxh7+ Kxh7 30. Qh4+ Kg8 31. Rxe7 Bd7 $18) 27. b5 Nce5 28. Bf1 (28. Qh4 {
makes it even easier for White} f6 29. Nxf6+ Nxf6 30. Rxe5 Qc7 31. Bxh7+ Nxh7
$18) 28... Qb6 (28... Bb7 29. Nd6 Ba8 $18) 29. Nd5 Qe6 (29... Qh6 {the only
chance to get some counterplay} 30. Qxd4 Bb7 $18) 30. Qxd4 Nb6 (30... Kf8 {
otherwise it's curtains at once} 31. Qa7 Qg6 $18) 31. Qxb6 Qxb6+ 32. Nxb6 Be6 (
32... f5 {doesn't change anything anymore} 33. Nc5 Nf7 34. Nxc8 Rxc8 35. Nd7
$18) 33. Nc5 Nd7 34. Ncxd7 Rxd7 35. Nxd7 Bxd7 (35... g5 {doesn't get the bull
off the ice} 36. Nc5 Bf5 37. b6 Kg7 38. b7 Kh6 39. b8=Q f6 40. Re7 g4 41. Qf4+
Kg6 42. Qxf5+ Kxf5 43. Bd3+ Kf4 44. g3+ Kg5 45. f4+ Kh5 46. Rxh7#) 36. Re7 (36.
Re7 Bc6 37. bxc6 Kf8 38. Rd7 Ke8 39. Rd5 g6 40. c7 Ke7 41. c8=Q f5 42. Rd7+ Ke6
43. f4 Kf6 44. Qc6#) 1-0

[Event "Hokkaido Chess Championship 2024"]
[Site "?"]
[Date "2024.03.23"]
[Round "1.4"]
[White "Shimomura, Kensei"]
[Black "Yoshii, Yukihiko"]
[Result "0-1"]
[WhiteElo "1199"]
[BlackElo "1644"]
[Annotator "Fritz 11 SE (30s)"]
[PlyCount "88"]
[EventDate "2024.03.23"]

{[%mdl 8256] B13: Caro-Kann: Exchange Variation and Panov-Botvinnik Attack} 1.
e4 c6 2. Nf3 d5 3. exd5 cxd5 4. d4 Nc6 5. Nc3 (5. Ne5 e6 6. c3 Nxe5 7. dxe5 Ne7
8. Nd2 Nc6 9. Nf3 Qc7 10. Bf4 Be7 11. Bg3 Bd7 12. Bd3 g5 13. Qe2 h5 14. h4 g4
15. Nd2 a6 16. a4 Bf8 17. O-O Bg7 18. Rfe1 Qb6 19. b4 a5 {Carlsen,M (2714)
-Dreev,A (2607) Moscow 2007 1/2-1/2 (69)}) 5... Nf6 $146 (5... Bg4 6. Bb5 (6.
Be2 e6 7. h3 Bf5 8. Bf4 Nf6 9. O-O Bd6 10. Bxd6 Qxd6 11. Nb5 Qe7 12. c3 O-O 13.
Na3 Ne4 14. Nc2 Bg6 15. Ne3 Rfd8 16. Qe1 a6 17. Nd2 e5 18. dxe5 Nxd2 19. Qxd2
d4 20. Ng4 h5 {Plotkin,V (2306)-Lalith,B (2537) Caleta 2015 0-1 (35)}) 6... Nf6
7. h3 Bxf3 8. Qxf3 a6 9. Bxc6+ bxc6 10. O-O e6 11. Bg5 Be7 12. Na4 Rb8 13. Qd3
Qa5 14. b3 Qb5 15. Qe3 O-O 16. Nc5 Bxc5 17. Bxf6 gxf6 18. dxc5 Qb7 19. Rad1 Kh8
20. Rd4 {Blanco,C (2185)-Ordonez,F (2295) Valencia 2000 0-1}) 6. Bd3 e6 {
Black is behind in developement} 7. O-O {White has an active position} Be7 8.
Bf4 a6 {Consolidates b5} 9. Na4 {White has a very active position} O-O 10. c4
$4 {White lets it slip away} (10. Re1 $142 $11 {would allow White to play on})
10... dxc4 $19 11. Bc2 (11. Bxc4 $2 {doesn't work because of} b5 12. Ne5 Bb7
$19 (12... bxc4 {is clearly weaker} 13. Nxc6 Qe8 14. Nxe7+ Qxe7 15. Nc5 $14))
11... b5 12. Nc5 (12. Nc3 Nb4 $19) 12... Nxd4 $1 {Remove defender: d4.} 13.
Nxd4 (13. Qxd4 Qxd4 14. Nxd4 Bxc5 {Remove defender}) (13. Nxd4 Bxc5 {Remove
defender}) 13... Bxc5 14. Be3 $6 {not the greatest defence} (14. Nf3 Bb7 $19)
14... Qb6 15. a3 (15. Qf3 {hardly improves anything} Bb7 (15... Bxd4 $6 {
is clearly inferior} 16. Bxd4 Qxd4 17. Qxa8 $19) 16. Qf4 e5 17. Bxh7+ Kh8 18.
Qxe5 Rfe8 $19 (18... Nxh7 $6 {is the less attractive alternative} 19. Nf5 Qg6
20. Nh4 $17) (18... Kxh7 $143 19. Ne6 Qxe6 20. Qxe6 fxe6 21. Bxc5 $19)) 15...
Bb7 (15... Rd8 $142 {it becomes clear that Black will call all the shots} 16.
Qe2 Bxd4 17. Bxd4 Rxd4 18. h3 $19) 16. b4 (16. Nf3 {doesn't change the outcome
of the game} Bxe3 17. fxe3 Qxe3+ 18. Kh1 Rad8 $19) 16... cxb3 17. Nxb3 Bxe3 18.
fxe3 Qxe3+ 19. Kh1 (19. Rf2 {does not save the day} Rfd8 20. Qe1 Qb6 $19) 19...
Rfd8 (19... Qh3 $142 $1 {might be the shorter path} 20. Rf2 Ng4 21. Qg1 Nxf2+
22. Qxf2 $19) 20. Qe1 Qxe1 (20... Ng4 {keeps an even firmer grip} 21. Qh4 f5
22. Rfe1 $19) 21. Raxe1 (21. Rfxe1 {cannot change what is in store for White}
Rac8 22. Rac1 Bd5 $19) 21... Rac8 22. Bb1 (22. Rf2 {doesn't do any good} Rc3
$19) 22... h6 (22... Rc3 $142 {makes it even easier for Black} 23. Rd1 Rdc8 24.
Nd2 $19) 23. Nc1 (23. Re3 $19 {is one last hope}) 23... Rd2 24. Ne2 Ng4 25. Kg1
Ne3 26. Rf2 Nxg2 (26... Nd1 $5 {and Black can already relax} 27. Rf4 Nc3 28.
Nxc3 Rxg2+ 29. Kf1 Rxc3 30. Re2 Rc1+ 31. Re1 Rxe1+ 32. Kxe1 Rxh2 33. Rb4 $19)
27. Rxg2 Bxg2 28. Kxg2 Rc4 (28... Rc3 {keeps an even firmer grip} 29. Be4 $19)
29. Kf2 Rc3 30. Rd1 (30. Be4 $19 {is the last straw}) 30... Rxd1 31. Nxc3 Rc1
32. Be4 (32. Nxb5 {a fruitless try to alter the course of the game} Rxb1 33.
Nd6 Rb2+ 34. Kg1 Rb3 $19) 32... Rxc3 33. h4 Rxa3 34. Ke2 f5 35. Bc6 Rc3 36. Bd7
Kf7 37. Kd2 (37. Bc8 {does not improve anything} Rc2+ 38. Kf3 Rxc8 39. Kf2 b4
40. Kg3 b3 41. Kh3 Rc3+ 42. Kg2 b2 43. h5 b1=Q 44. Kf2 Qb2+ 45. Kf1 Rc1#) 37...
b4 (37... Rc7 38. Bc8 Rxc8 39. Ke3 b4 40. Kd3 b3 41. h5 a5 42. Ke3 b2 43. Kf4
b1=Q 44. Ke3 Rc3+ 45. Kd4 Qb4+ 46. Ke5 Re3#) 38. Ba4 Kf6 39. h5 e5 40. Bc2 (40.
Bb3 {is no salvation} Rxb3 41. Kc2 Rc3+ 42. Kd2 e4 43. Kd1 b3 44. Ke1 Rc2 45.
Kd1 e3 46. Ke1 b2 47. Kd1 b1=Q#) 40... e4 41. Kd1 (41. Bb1 {is not the saving
move} Ke5 42. Kd1 Rd3+ 43. Ke1 Rh3 44. Ke2 Rh2+ 45. Kf1 Rh1+ 46. Ke2 Rxb1 47.
Ke3 Ra1 48. Kd2 Ra2+ 49. Kc1 b3 50. Kd1 Rc2 51. Ke1 b2 52. Kd1 b1=Q#) 41... Ke5
42. Kd2 (42. Bb1 {does not solve anything} Rd3+ 43. Ke2 Rh3 44. Kd2 Rh2+ 45.
Kd1 b3 46. Ke1 Rb2 47. Kf1 Rxb1+ 48. Ke2 Rb2+ 49. Ke1 Rg2 50. Kf1 Rc2 51. Kg1
b2 52. Kf1 b1=Q#) 42... Kd4 {[%cal Ye4e3] Black prepares the advance e3} 43.
Bd3 (43. Ba4 {does not help much} e3+ 44. Ke2 b3 45. Kf3 b2 46. Kf4 b1=Q 47.
Bc6 Qg1 48. Bg2 Qxg2 49. Kxf5 Qe4#) 43... Rxd3+ 44. Kc2 (44. Ke2 {hardly
improves anything} b3 45. Ke1 b2 46. Ke2 b1=Q 47. Kf2 Qc2+ 48. Kf1 Rd1#) 44...
e3 (44... e3 45. Kb1 e2 46. Kb2 e1=Q 47. Kc2 Kc4 48. Kb2 Rd2#) 0-1

[Event "Hokkaido Chess Championship 2024"]
[Site "?"]
[Date "2024.03.23"]
[Round "1.5"]
[White "Kawamura, Takuto"]
[Black "Furuse, Mizuki"]
[Result "1-0"]
[WhiteElo "1601"]
[BlackElo "1157"]
[Annotator "Fritz 11 SE (30s)"]
[PlyCount "81"]
[EventDate "2024.03.23"]

{[%mdl 8256] E60: King's Indian: Unusual lines and Fianchetto Variation
without Nc3} 1. d4 Nf6 2. Nf3 g6 3. g3 Bg7 4. Bg2 O-O 5. c4 d6 6. O-O Nbd7 7.
Qc2 Re8 (7... a6 8. Rd1 c5 9. e4 Qc7 10. Be3 cxd4 11. Bxd4 Ne5 12. Nbd2 Be6 13.
Rac1 Rfc8 14. Qb1 Nxf3+ 15. Nxf3 Qa5 16. b3 Bh6 17. Rc3 Nd7 18. Qb2 Qh5 19. Re1
b5 20. cxb5 axb5 21. e5 dxe5 22. Nxe5 {Stangl,M (2530)-Ankerst,M (2360)
Germany 1998 0-1 (46)}) 8. e4 (8. Rd1 c5 9. Nc3 a6 10. h3 Qc7 11. b3 b6 12. e4
cxd4 13. Nxd4 Bb7 14. a4 Rac8 15. Be3 Qb8 16. Rac1 Qa8 17. Qb1 e6 18. Nde2 Bf8
19. g4 h6 20. Ng3 Qb8 21. Bd4 Bg7 22. Qb2 Ba8 {Melkumyan,H (2673)-Kraus,O 
(2190) Jerusalem 2015 0-1 (43)}) 8... e5 9. d5 {Black's piece can't move: c8}
Nc5 $146 {Black threatens to win material: Nc5xe4} (9... a5 10. Nc3 Nc5 11. Ne1
Rf8 12. Nd3 Nfd7 13. Nxc5 Nxc5 14. f4 exf4 15. Bxf4 Bd7 16. Rae1 Qe7 17. Qd2
Rae8 18. Re2 Bg4 19. Ree1 Bd7 20. Re2 Qd8 21. Rfe1 Bg4 22. Rf2 h6 23. h3 Bd7
24. h4 {Junge,K (2238)-Lichman,P (2324) Germany 2007 0-1 (61)}) 10. Re1 a5 11.
Nc3 Nh5 12. Bg5 {White threatens to win material: Bg5xd8} f6 {Black threatens
to win material: f6xg5} (12... Nf6 13. b3 $11) 13. Be3 $14 Na6 14. a3 f5 {
Black has a cramped position} 15. Bg5 (15. exf5 Bxf5 16. Qd2 Nf6 $14) 15... Nf6
16. Nh4 h6 (16... fxe4 17. Nxe4 Nc5 18. Nxc5 dxc5 19. a4 $14) 17. Bxf6 (17. Bd2
$142 $5 $16) 17... Qxf6 $14 18. exf5 gxf5 {Black has the pair of bishops} 19.
Bh3 {White threatens to win material: Bh3xf5} Rf8 {Black has a cramped position
} 20. Rad1 e4 {This push gains space} (20... Qg5 21. f3 $11) 21. Ng2 (21. f3 $5
$14 {is worth looking at}) 21... Qg5 $11 22. Nf4 {A comfortable square for the
white knight} Be5 23. Nce2 Bd7 24. b3 {Prevents intrusion on a4} Nc5 {[%cal
Ya5a4] Black plans a4} (24... h5 25. Qc1 $15) 25. Bg2 a4 {Black threatens to
win material: a4xb3} (25... h5 $142 $5 $15 {is interesting}) 26. b4 $11 {
White threatens to win material: b4xc5} Nb3 {Black can be proud of that piece}
27. c5 (27. f3 h5 28. h4 Qg7 $11) 27... dxc5 28. bxc5 Ra6 $4 {allows the
opponent back into the game} (28... Ra5 $5 {should be examined more closely}
29. c6 Rc5 $11) 29. Qc4 (29. c6 Bc8 30. cxb7 Bxb7 31. Ne6 $18) 29... Kh8 $2 (
29... Na5 $142 {is a viable option} 30. Qb4 Re8 $14) 30. c6 $18 {Deflection: a6
} Na5 $4 {a blunder in a bad position} (30... bxc6 31. Qxa6 {Deflection}) 31.
Qb5 (31. Qb4 $142 {makes sure everything is clear} Rfa8 32. cxd7 Qd8 $18) 31...
Be8 (31... Bc8 32. cxb7 Bxb7 33. Ne6 $18) 32. Ne6 Qg8 (32... Qe7 33. Nxf8 Qxf8
34. f3 $18) 33. Nxf8 (33. Qb4 $142 {might be the shorter path} Rf6 34. cxb7
Nxb7 35. Qxb7 Rd6 $18) 33... Qxf8 34. Nd4 Bxd4 (34... Ra8 {is still a small
chance} 35. Qb4 Qxb4 36. axb4 bxc6 37. Nxf5 Nc4 38. Rxe4 Bg6 $18) 35. Rxd4 Qxa3
(35... Nb3 {what else?} 36. Qxb7 Nxd4 37. Qxa6 Qxa3 $18) 36. cxb7 $3 {Mate
threat} Bxb5 (36... Z0 $140 37. Qxe8+ {Mate threat}) 37. b8=Q+ Kh7 38. Qxb5 Ra8
(38... Qc3 39. Qd7+ Kg8 40. Qe8+ Kg7 41. Rdxe4 fxe4 42. Rxe4 Qe5 43. Qxe5+ Rf6
44. Qe7+ Kg6 45. Rg4+ Kh5 46. Qg7 Rxf2 47. Rh4#) 39. Qd7+ (39. d6 Rf8 40. dxc7
Kg6 41. Qd7 h5 42. Qe6+ Rf6 43. Qg8+ Kh6 44. c8=Q Rg6 45. Qh8+ Kg5 46. h4+ Kg4
47. Rdxe4#) 39... Kg6 40. Qe6+ (40. Bxe4 Qa1 41. Bxf5+ Kf6 42. Qe7+ Kxf5 43.
Qf7+ Kg5 44. h4#) 40... Kh5 41. Qxf5# 1-0

[Event "Hokkaido Chess Championship 2024"]
[Site "?"]
[Date "2024.03.23"]
[Round "2.1"]
[White "Aoki, Yasuhiro"]
[Black "Yamaguchi, Tosei"]
[Result "0-1"]
[WhiteElo "1598"]
[BlackElo "1940"]
[Annotator "Fritz 11 SE (30s)"]
[PlyCount "80"]
[EventDate "2024.03.23"]

{A26: English Opening vs King's Indian with ...Nc6 and d3} 1. c4 g6 2. Nf3 Bg7
3. g3 e5 4. Nc3 Nc6 5. Bg2 Nge7 6. O-O d6 7. d3 h6 8. e4 $146 (8. Bd2 O-O 9.
Rb1 Be6 10. b4 Qd7 11. b5 Nd8 12. Qc1 Kh7 13. Ne1 Bh3 14. Nd5 Bxg2 15. Nxg2 Ng8
16. f4 f5 17. Bc3 Ne6 18. fxe5 dxe5 19. Qb2 c6 20. Nde3 Nd4 21. bxc6 bxc6 22.
Bxd4 exd4 {Walach,M (2220)-Morkisz,B (2185) Slask 1996 1/2-1/2 (58)}) (8. Rb1
a5 (8... Be6 9. b4 Qd7 10. b5 Nd8 11. Ba3 f5 (11... O-O 12. Qa4 f5 13. Rfc1 Rf7
14. Nd2 g5 15. Nb3 f4 16. Na5 Bh3 17. Be4 Nf5 18. Bd5 Ne6 19. Nxb7 Raf8 20.
Qxa7 Nfd4 21. b6 fxg3 22. fxg3 e4 23. Nc5 dxc5 24. b7 Nf4 25. Bxc5 Nxd5 26.
Bxf8 {Aijala,J (2200)-Krnic,Z (2400) Graz 1972 0-1}) 12. e3 g5 13. c5 O-O 14.
Nd2 e4 15. Qc2 dxc5 16. dxe4 f4 17. exf4 gxf4 18. Bxc5 Rf7 19. Rbd1 Bh3 20. Nb3
Qe6 21. f3 Bxg2 22. Kxg2 Qc4 23. Rc1 {Heberla,B (2527)-Angskog,K (2215)
Bugibba 2011 1-0 (34)}) 9. a3 Nd4 10. b4 axb4 11. axb4 O-O 12. b5 Bg4 13. Nd2
Qc8 14. Re1 Bh3 15. Bh1 Kh7 16. e3 Ne6 17. Nd5 Nxd5 18. cxd5 Nc5 19. Qc2 b6 20.
Nc4 Qf5 21. e4 Qd7 22. Be3 Qe7 {Rechlis,G (2445)-Speelman,J (2555) Beersheba
1987 1/2-1/2}) (8. Ne1 O-O 9. Rb1 a5 10. a3 Be6 11. Nd5 f5 12. f4 Qd7 13. Qa4
Ra6 14. Bd2 Rb8 15. Nc2 Kh7 16. e4 Ng8 17. Nce3 exf4 18. Nxf4 Nd4 19. Qd1 fxe4
20. Bxe4 Bf7 21. Nh5 Be5 22. Nd5 Re8 {Popov,L (2410)-Krnic,Z (2435) Wijk aan
Zee 1977 1-0 (46)}) 8... Bg4 9. h3 {White threatens to win material: h3xg4} Be6
10. Be3 Qd7 11. Kh2 O-O 12. Nd5 f5 13. Nxe7+ (13. Qb3 fxe4 14. dxe4 Nd4 15.
Nxd4 exd4 $11) 13... Nxe7 14. exf5 Nxf5 15. Qd2 c6 16. Rac1 c5 (16... Qc7 17.
Qe2 $15) 17. b3 Rae8 18. g4 Nxe3 19. Qxe3 {Black has the pair of bishops} Rf4 {
An ideal square for the black rook.} 20. Nd2 Ref8 21. Ne4 b6 22. f3 (22. Nc3
Bf6 $15) 22... d5 23. Nf2 Qd6 {[%cal Yd5d4] Black prepares d4} 24. Kh1 (24.
cxd5 Bxd5 25. Ne4 Qe7 $17) 24... Qe7 25. Kh2 Qh4 26. Qe2 $2 (26. cxd5 Bxd5 27.
Ne4 Qe7 $17) 26... d4 $4 {releasing the pressure on the opponent} (26... e4
$142 {and Black has reached his goal} 27. Nh1 Be5 $19) 27. Ne4 $17 h5 28. Qf2 (
28. Kg1 Bh6 $17) 28... Qe7 (28... Rxg4 $5 29. Qxh4 Rxh4 30. Kg3 $19) 29. Qg3 h4
30. Qe1 Bh6 31. Rc2 Bc8 32. Re2 (32. b4 cxb4 33. c5 Bb7 $17) 32... Bb7 33. Ref2
R4f7 34. Re2 Rf4 {Twofold repetition} 35. Ref2 R8f7 (35... Kg7 36. Re2 $17) 36.
Qe2 (36. Re2 Bc6 $17) 36... Bc6 37. Qe1 Ba8 38. Qe2 (38. Re2 Rf8 $17) 38... Rf8
39. Qe1 R4f7 40. Qe2 $2 (40. Re2 $142 $17) 40... Be3 $19 0-1

[Event "Hokkaido Chess Championship 2024"]
[Site "?"]
[Date "2024.03.23"]
[Round "2.2"]
[White "Shinoda, Taro"]
[Black "Kawamura, Takuto"]
[Result "1-0"]
[WhiteElo "1911"]
[BlackElo "1601"]
[Annotator "Fritz 11 SE (30s)"]
[PlyCount "57"]
[EventDate "2024.03.23"]

{E00: Catalan Bogo-Indian (3 g3 Bb4+)} 1. d4 Nf6 2. c4 e6 3. g3
Bb4+ 4. Nd2 O-O 5. Bg2 d5 6. Qc2 c6 7. Ngf3 Re8 8. O-O Nbd7 9. e4 dxe4 10. Nxe4
Nxe4 11. Qxe4 Nf6 12. Qe2 $146 (12. Qc2 Be7 13. Rd1 Qa5 14. a3 Bd7 15. Ne5 Red8
16. Bf4 Rac8 17. a4 Be8 18. c5 b6 19. Bf1 bxc5 20. Nc4 Qb4 21. Bd2 Qb8 22. Bf4
Qb4 23. Bd2 Qb8 {1/2-1/2 (23) Kopylov,M (2445)-Reddmann,H (2338) Hamburg 2004})
12... Bd6 13. Rd1 Bd7 14. Ne5 h6 15. h4 Be7 16. Rb1 Rc8 17. b4 b6 (17... b5 $5
$16) 18. a4 $18 b5 (18... Bd6 $18) 19. axb5 cxb5 20. c5 Nd5 (20... Rc7 21. c6
Bc8 22. Qxb5 $18) 21. Bd2 (21. Bxh6 $142 {and White can already relax} Bf6 22.
Qg4 $18) 21... Bf6 $16 22. Ra1 Rc7 23. Ra5 Bc8 24. Bxd5 (24. Qg4 $142 {the
advantage is on the side of White} a6 25. Bxh6 Nxb4 26. c6 $16) 24... Qxd5 $11
25. Qxb5 ({Inferior is} 25. Rxb5 Ba6 26. Ng4 Be7 $11 (26... Bxb5 $143 27. Qxb5
Rd8 28. Bf4 $11)) 25... Rd8 26. Bf4 Bxe5 27. Bxe5 Bb7 28. c6 {White threatens
to win material: c6xb7} Bxc6 $4 (28... Qxc6 29. Qxc6 Rxc6 $11 (29... Bxc6 $4
30. Bxc7 Rd7 31. Rxa7 $18)) 29. Qxd5 $18 (29. Qxd5 Rxd5 30. Bxc7 Rxa5 31. bxa5
$18) 1-0